Statistics for Gore Vidal Bibliography

Click here to take the quiz!

General Stats

  • This quiz has been taken 2 times
  • The average score is 10 of 243

Answer Stats

Type Year Name % Correct
Novel1984Lincoln: A Novel
100%
Screenplay1959Ben Hur
100%
Novel1973Burr
100%
Novel1947Williwaw
50%
Novel1964Julian
50%
Novel1990Hollywood
50%
Novel1974Myron
50%
Novel1967Washington, D.C.
50%
Play1960The Best Man
50%
Screenplay1979Caligula
50%
Novel1968Myra Breckinridge
50%
Novel1992Live from Golgotha: The Gospel According to Gore Vidal
50%
Novel19761876
50%
Essay1987Hollywood!
50%
Novel1948The City and the Pillar
50%
Novel2000The Golden Age
50%
Essay Collection1997Virgin Islands: a Dependency of United States: Essays 1992-1997
0%
Essay2001Edmund Wilson: Nineteenth-Century Man
0%
Essay Collection2001The Last Empire: Essays 1992-2000
0%
Non-Fiction Book1991View from the Diners Club
0%
Non-Fiction Book1999Sexually Speaking: Collected Sex Writings
0%
Novel1998The Smithsonian Institution
0%
Non-Fiction Book1992Screening History
0%
Essay1993Professor V. Nabokov
0%
Essay1993The Great World and Louis Auchincloss
0%
Non-Fiction Book1992The Decline and Fall of the American Empire
0%
Essay1996Rabbit's Own Burrow
0%
Essay1992Montaigne
0%
Essay1992Monotheism and Its Discontents
0%
Essay Collection1993United States: Essays 1952-1992
0%
Essay1993Every Eckermann His Own Man
0%
Memoir1995Palimpest: A Memoir
0%
Essay1993Maugham's Half & Half
0%
Essay1993Pen Pals: Henry Miller and Lawrence Durrell
0%
Essay1993The Top Ten Best Sellers
0%
Essay1988How I Do What I Do If Not Why
0%
Screenplay1989Dimenticare Palermo
0%
Essay1987At Home in a Roman Street
0%
Screenplay1986Dress Gray
0%
Essay Collection1987Armageddon?
0%
Essay1987At Home in Washington, D.C.
0%
Essay1987On Flying
0%
Essay1987Frederic Prokosch: the European Connection
0%
Essay1987Tennessee Williams: Someone to Laugh at the Squares With
0%
Essay1987Richard Nixon: Not the Best Man's Best Man
0%
Essay1987Ronnie and Nancy: A Life in Pictures
0%
Essay1987The Day the American Empire Ran Out of Gas
0%
Essay1987A Cheerful Response
0%
Essay1987Vidalgate: by Andrew Kopkind
0%
Essay1987Mongolia!
0%
Essay1987The Bookchat of Henry James
0%
Screenplay1989Gore Vidal's Billy the Kid
0%
Essay1987The Golden Bowl of Henry James
0%
Essay1987Logan Pearsall Smith Loves the Adverb
0%
Essay1987Paul Bowle's Stories
0%
Essay1987Calvino's Death
0%
Essay1987Why I Am Eight Years Younger than Anthony Burgess
0%
Screenplay1987The Sicilian
0%
Essay1987Dawn Powell: The American Writer
0%
Essay Collection1988At Home: Essays 1982-1988
0%
Essay1988Ollie
0%
Essay1988The National Security State
0%
Essay1988Oscar Wilde: On the Skids Again
0%
Essay2001Lost New York
0%
Essay2001Dawn Powell: Queen of the Golden Age
0%
Essay2001Twain's Letters
0%
Essay2001The Romantic of Sinclair Lewis
0%
Non-Fiction Book2002Perpetual War for Perpetual Peace: How We Got to Be So Hated
0%
Essay2001Race Against Time
0%
Essay2001Chaos
0%
Essay2001Shredding the Bill of Rights
0%
Essay2001The New Theocrats
0%
Essay2001Coup de Starr
0%
Essay2001Starr Conspiracy
0%
Essay2001Birds and Bees and Clinton
0%
Essay2001A Letter to Be Delivered
0%
Essay2001Democratic Vistas
0%
Essay2001Three Lies to Rule By
0%
Essay2001Japanese Intentions in the Second World War
0%
Essay Collection2002Dreaming War: Blood for Oil and the Cheney-Bush Junta
0%
Essay2001Mickey Mouse, Historian
0%
Essay2002Meandering Toward Armageddon
0%
Essay2002Black Tuesday
0%
Non-Fiction Book2003Inventing a Nation: Washington, Adams, Jefferson
0%
Non-Fiction Book2004Imperial America: Reflections on the United States of America
0%
Essay2004State of the Union
0%
Memoir2006Point to Point Navigation: A Memoir
0%
Short Story Collection2006Clouds and Eclipses: The Collected Short Stories
0%
Short Story2006Clouds and Eclipses
0%
Essay Collection2008The Selected Essays of Gore Vidal
0%
Memoir2009Gore Vidal: Snapshots in History's Glare
0%
Interview Collection2013I Told You So: Gore Vidal Talks Politics: Interviews with Jon Wiener
0%
Non-Fiction Book2014Gore Vidal History of the National Security State: Includes Vidal on America
0%
Essay2001U.S. Out of UN - UN Out of U.S.
0%
Essay2001The Union of the State
0%
Essay2001Twain on the Grand Tour
0%
Essay2001Truman
0%
Essay2001Reply to a Critic
0%
Essay2001A Note on The City and the Pillar and Thomas Mann
0%
Essay2001Anthony Burgess
0%
Essay2001Pride
0%
Essay2001Lindbergh: The Eagle Is Grounded
0%
Essay2001Sinatra
0%
Essay2001C. P. Cavafy
0%
Essay2001George
0%
Essay2001Amistad
0%
Essay2001FDR: Love on the Hudson
0%
Essay2001Wiretapping the Oval Office
0%
Essay2001Clare Boothe Luce
0%
Essay2001Hersh's JFK
0%
Essay2001Time for a People's Convention
0%
Essay2001Nixon R.I.P.
0%
Essay2001Clinton-Gore I
0%
Essay2001Bedfellows Make Strange Politics
0%
Essay2001Clinton-Gore II
0%
Essay2001Honorable Albert A. Gore, Junior
0%
Essay2001Kopkind
0%
Essay2001Bad History
0%
Essay2001Blair
0%
Essay2001How We Missed the Saturday Dance
0%
Essay2001The Last Empire
0%
Essay2001In the Lair of the Octopus
0%
Essay2001With Extreme Prejudice
0%
Travelogue1985Vidal in Venice
0%
Essay1983Rich Kids
0%
Essay1983William Dean Howells
0%
Memoir1970Two Sisters
0%
Essay1963Tarzan Revisited
0%
Essay1963Passage to Egypt
0%
Screenplay1966Is Paris Burning?
0%
Essay1966Pornography
0%
Essay1967French Letters: Theories of the New Novel
0%
Essay1967The Holy Family
0%
Play1968Weekend
0%
Non-Fiction Book1969Reflections Upon a Sinking Ship
0%
Non-Fiction Book1969Sex, Death and Money
0%
Play1970Drawing Room Comedy
0%
Play1970An Evening with Richard Nixon
0%
Screenplay1970Last of the Mobile Hot Shots
0%
Play1962Romulus
0%
Essay Collection1972Homage to Daniel Shays: Collected Essays, 1952-1972
0%
Essay1972A Note on the Novel
0%
Essay1972Book Report
0%
Essay1972Writing Plays for Television
0%
Essay1972Satire in the 1950's
0%
Essay1972Love, Love, Love
0%
Essay1972Bernard Shaw's Heartbreak House
0%
Essay1972The Twelve Caesars
0%
Essay1972Norman Mailer's Self-Advertisements
0%
Essay1972President Kennedy
0%
Essay1972John Dos Passos at Midcentury
0%
Essay Collection1963Rocking the Boat
0%
Play1960-1961On the March to the Sea
0%
Essay1972Police Brutality
0%
Screenplay1955Climax!
0%
Novel1949The Season of Comfort
0%
Novel1950A Search for the King
0%
Novel1950Dark Green, Bright Red
0%
Novel1950A Star's Progress
0%
Novel1952The Judgment of Paris
0%
Novel1952Death in the Fifth Position
0%
Novel1953Thieves Fall Out
0%
Novel1953Death Before Bedtime
0%
Essay1953Novelists and Critics of the 1940's
0%
Novel1954Death Likes It Hot
0%
Novel1954Messiah
0%
Screenplay1955The Best of Broadway
0%
Screenplay1959Suddenly, Last Summer
0%
Short Story Collection1956A Thirsty Evil
0%
Short Story1956Three Stratagems
0%
Short Story1956The Robin
0%
Short Story1956A Moment of Green Laurel
0%
Short Story1956The Zenner Trophy
0%
Short Story1956Erlinda and Mr. Coffin
0%
Short Story1956Pages from an Abandoned Journal
0%
Short Story1956The Ladies in the Library
0%
Screenplay1956The Catered Affair
0%
Play1957Visit to a Small Planet
0%
Screenplay1958I Accuse!
0%
Screenplay1959The Scapegoat
0%
Essay1972Barry Goldwater: A Chat
0%
Essay1972Nasser's Egypt
0%
Novel1983Duluth
0%
Essay1983Christopher Isherwood's Kind
0%
Novel1978Kalki
0%
Omnibus1978Three by Box: The Complete Mysteries of Edgar Box
0%
Non-Fiction Book1979Sex Is Politics and Vice Versa
0%
Essay1980The State of the Union Revisited
0%
Essay1980Edmund Wilson: This Critic and This Gin and These Shoes
0%
Non-Fiction Book1981Views from a Window
0%
Novel1981Creation
0%
Essay1981Pink Triangle and Yellow Star
0%
Essay1981Theodore Roosevelt: An American Sissy
0%
Essay Collection1983The Second American Revolution and Other Essays 1976-1982
0%
Essay1983F. Scott Fitzgerald's Case
0%
Essay1983On Prettiness
0%
Essay1976Some Memories of the Glorious Bird and an Earlier Self
0%
Essay1983The Oz Books
0%
Essay1983Lessing's Science Fiction
0%
Essay1983Sciascia's Italy
0%
Essay1983V. S. Pritchett as "Critic"
0%
Essay1983Thomas Love Peacock: The Novel of Ideas
0%
Essay1983Who Makes the Movies?
0%
Essay1983Sex Is Politics
0%
Essay1983How to Find God and Make Money
0%
Novel1947In a Yellow Wood
0%
Essay1983The Real Two-Party System
0%
Essay1983The Second American Revolution
0%
Essay1983A Note on Abraham Lincoln
0%
Essay Collection1977Matters of Fact and Fiction
0%
Essay1976The Hacks of Academe
0%
Essay1972Edmund Wilson, Tax Dodger
0%
Essay1972Manifesto and Dialogue
0%
Essay1972John O'Hara
0%
Essay1972E. Nesbit's Magic
0%
Essay1972John Horne Burns
0%
Essay1972Sex and the Law
0%
Essay1972The Sexus of Henry Miller
0%
Essay1972Byzantium's Fall
0%
Essay1972Writers and the World
0%
Essay1972Paranoid Politics
0%
Essay1972Miss Sontag's New Novel
0%
Essay1972Gore Vidal
0%
Essay1972The Twenty-Ninth Republican Convention
0%
Essay1972Literary Gangsters
0%
Essay1974Calvino's Novels
0%
Essay1972An American Press Lord
0%
Essay1972Meredith
0%
Essay1972Doc Reuben
0%
Essay1972Drugs
0%
Essay1972The Death of Mishima
0%
Essay1972Women's Liberation Meets Miller-Mailer-Manson Man
0%
Essay1972The Fourth Diary of Anaïs Nin
0%
Essay1972Eleanor Roosevelt
0%
Essay1972H. Hughes
0%
Essay1972Homage to Daniel Shays
0%
Essay1973The Top Ten Best-Sellers According to the Sunday New York Times as of January 7, 1973
0%
Essay1974American Plastic: The Matter of Fiction
0%
Non-Fiction Book2015Buckley vs. Vidal: The Historic 1968 ABC News Debates
0%

Score Distribution

Percentile by Number Answered

Percent of People with Each Score

Your Score History

You have not taken this quiz